header

East meets West in the Middle Ages and early modern times : (Record no. 136351)

MARC details
000 -LEADER
fixed length control field 01986nam a22004331i 4500
001 - CONTROL NUMBER
control field ebr10785932
003 - CONTROL NUMBER IDENTIFIER
control field CaPaEBR
006 - FIXED-LENGTH DATA ELEMENTS--ADDITIONAL MATERIAL CHARACTERISTICS--GENERAL INFORMATION
fixed length control field m o d
007 - PHYSICAL DESCRIPTION FIXED FIELD--GENERAL INFORMATION
fixed length control field cr cn|||||||||
008 - FIXED-LENGTH DATA ELEMENTS--GENERAL INFORMATION
fixed length control field 130620t20132013gw ob 001 0 eng d
020 ## - INTERNATIONAL STANDARD BOOK NUMBER
International Standard Book Number 9783110321517 (e-book)
Cancelled/invalid ISBN 9783110328783 (acid-free paper)
040 ## - CATALOGING SOURCE
Original cataloging agency CaPaEBR
Language of cataloging eng
Description conventions rda
-- pn
Transcribing agency CaPaEBR
035 ## - SYSTEM CONTROL NUMBER
System control number (OCoLC)858761952
043 ## - GEOGRAPHIC AREA CODE
Geographic area code e------
-- mm-----
050 14 - LIBRARY OF CONGRESS CALL NUMBER
Classification number CB251
Item number .E196 2013eb
082 04 - DEWEY DECIMAL CLASSIFICATION NUMBER
Classification number 909.07
Edition number 23
245 00 - TITLE STATEMENT
Title East meets West in the Middle Ages and early modern times :
Remainder of title transcultural experiences in the premodern world /
Statement of responsibility, etc edited by Albrecht Classen.
264 #1 - PRODUCTION, PUBLICATION, DISTRIBUTION, MANUFACTURE, AND COPYRIGHT NOTICE
Place of production, publication, distribution, manufacture Berlin ;
-- Boston :
Name of producer, publisher, distributor, manufacturer De Gruyter,
Date of production, publication, distribution, manufacture, or copyright notice [2013]
Date of production, publication, distribution, manufacture, or copyright notice �2013
300 ## - PHYSICAL DESCRIPTION
Extent 1 online resource (828 pages)
336 ## - CONTENT TYPE
Content type term text
Source rdacontent
337 ## - MEDIA TYPE
Media type term computer
Source rdamedia
338 ## - CARRIER TYPE
Carrier type term online resource
Source rdacarrier
440 #0 - SERIES STATEMENT/ADDED ENTRY--TITLE
Title Fundamentals of medieval and early modern culture ;
Volume number/sequential designation 14
504 ## - BIBLIOGRAPHY, ETC. NOTE
Bibliography, etc Includes bibliographical references and index.
588 ## - SOURCE OF DESCRIPTION NOTE
Source of description note Description based on print version record.
590 ## - LOCAL NOTE (RLIN)
Local note Electronic reproduction. Palo Alto, Calif. : ebrary, 2013. Available via World Wide Web. Access may be limited to ebrary affiliated libraries.
650 #0 - SUBJECT ADDED ENTRY--TOPICAL TERM
Topical term or geographic name as entry element East and West
General subdivision History
Chronological subdivision To 1500.
Topical term or geographic name as entry element Literature, Medieval
General subdivision History and criticism.
Topical term or geographic name as entry element Middle Ages
General subdivision Historiography.
651 #0 - SUBJECT ADDED ENTRY--GEOGRAPHIC NAME
Geographic name Asia
General subdivision Relations
Geographic subdivision Europe.
Geographic name Europe
General subdivision Relations
Geographic subdivision Asia.
655 #0 - INDEX TERM--GENRE/FORM
Genre/form data or focus term Electronic books.
700 1# - ADDED ENTRY--PERSONAL NAME
Personal name Classen, Albrecht.
776 08 - ADDITIONAL PHYSICAL FORM ENTRY
Display text Print version:
Title East meets West in the Middle Ages and early modern times : transcultural experiences in the premodern world.
Place, publisher, and date of publication Berlin : De Gruyter, c2013
Physical description viii, 286 pages : illustrations
Series data for related item Fundamentals of medieval and early modern culture ; 14.
International Standard Book Number 9783110328783
Record control number (DLC) 2013023803
797 2# - LOCAL ADDED ENTRY--CORPORATE NAME (RLIN)
Corporate name or jurisdiction name as entry element ebrary.
856 40 - ELECTRONIC LOCATION AND ACCESS
Uniform Resource Identifier <a href="http://site.ebrary.com/lib/rucke/Doc?id=10785932">http://site.ebrary.com/lib/rucke/Doc?id=10785932</a>
Public note An electronic book accessible through the World Wide Web; click to view

No items available.

© 2026 Rongo University
Contact us: librarian | system librarian | Rongo university